000 00375 a2200169 4500
001 184213
020 _a85-08-07744-0
040 _cMagnum
100 _aBrezina, Thomas
240 1 0 _aMamãe namora um et
_lpor
245 1 0 _aMamãe namora um et
300 _a95
362 0 _a2001
440 1 _aÁtica
697 _aLITERATURA INFANTO-JUVENIL ESTRANGEIRA
942 _cBK
999 _c184213
_d184213